| 000 | 00640nam a22002057a 4500 | ||
|---|---|---|---|
| 003 | 0 | ||
| 005 | 20231107090946.0 | ||
| 008 | 231107b xxu||||| |||| 00| 0 eng d | ||
| 020 | _a978-621-406-340-6 | ||
| 050 |
_aLB 2369 _b.F73 2022 |
||
| 100 | _aFrancisco, Paul Micah S. | ||
| 245 |
_aPractical research 2 : quantitative research _cPaul Micah S. Francisco |
||
| 250 | _arevised edition | ||
| 260 |
_aManila _bMindshapers Co., Inc. _cc2022. |
||
| 300 |
_aviii, 198 pages ; _c23 cm. |
||
| 500 | _aQuantitative research. | ||
| 504 | _aIncludes bibliographical references. | ||
| 650 | _aQuantitative research. | ||
| 942 |
_2lcc _cBK |
||
| 999 |
_c365579 _d365579 |
||